Globalización e identidad latinoamericana /
Uloženo v:
| Hlavní autor: | |
|---|---|
| Médium: | Neznámo |
| Jazyk: | Spanish |
| Témata: | |
| Tagy: |
Přidat tag
Žádné tagy, Buďte první, kdo vytvoří štítek k tomuto záznamu!
|
MARC
| LEADER | 000000000a22000000004500 | ||
|---|---|---|---|
| 001 | 004157 | ||
| 041 | 0 | |a spa | |
| 100 | 1 | |a Arenas, Nelly | |
| 245 | 1 | 0 | |a Globalización e identidad latinoamericana / |c Nelly Arenas. |
| 650 | 4 | |a GLOBALIZACION | |
| 650 | 4 | |a MODERNIDAD | |
| 650 | 4 | |a CULTURA | |
| 650 | 4 | |a AMERICA LATINA | |
| 773 | 0 | |t Nueva Sociedad |g número 147 (1997) | |
| 942 | |c ARC | ||
| 999 | |c 11291 |d 11291 | ||
